Manual d'aplicació de la imatge corporativa /
Descripción Física:
222 pàgines : 30 cm
MARC
| LEADER | 00000nam a2200000Ia 4500 | ||
|---|---|---|---|
| 001 | 12419 | ||
| 008 | 160829s1999 xx 000 0 cat d | ||
| 080 | |a FOL-1-50 | ||
| 110 | 1 | |a Barcelona (Catalunya : Província). |b Diputació |9 52408 | |
| 245 | |a Manual d'aplicació de la imatge corporativa / |c direcció, coordinació i producció: Institut d'Edicions de la Diputació de Barcelona | ||
| 250 | |a Primera edició | ||
| 260 | |a Barcelona : |b Diputació de Barcelona, |c juliol de 1999 | ||
| 300 | |a 222 pàgines : |c 30 cm | ||
| 590 | |a Aquest llibre es presenta dins una carpeta juntament amb aquest altre: 'Documents administratius. Models i comentaris lingüístics'. Inclou logotip i anagrama de la Diputació | ||
| 610 | 1 | 0 | |a Barcelona (Catalunya : Província). |b Diputació |9 52408 |
| 650 | 0 | |a Imatge corporativa |z Barcelona (Província) |9 53961 | |
| 710 | |a Barcelona (Catalunya : Província). |b Institut d'Edicions |9 53854 | ||
| 901 | |a Arxiu | ||
| 942 | |n 1 |2 udc |c ARXIU | ||
| 952 | |0 0 |1 0 |4 0 |6 FOL150 |7 1 |9 44068 |a Arxiu |b Arxiu |d 2016-12-01 |l 0 |o FOL-1-50 |p 12419 |r 2016-12-01 00:00:00 |w 2016-12-01 |y ARXIU | ||
| 999 | |c 46648 |d 46648 | ||